[Event "FICGS class C 000001 email"]
[Site "FICGS email"]
[Date "2006.04.09"]
[Round "1"]
[White "Sobrecases, Guy"]
[Black "Pires, Miguel"]
[Result "0-1"]
[WhiteElo "2105"]
[BlackElo "2000"]
[PlyCount "68"]
[EventDate "2006.??.??"]
[EventType "tourn (corr)"]
[EventRounds "1"]
[SourceTitle "Corr 2022"]
[Source "ChessBase"]
[SourceDate "2021.10.24"]
[SourceVersion "1"]
[SourceVersionDate "2021.10.24"]
[SourceQuality "1"]

1. e4 c5 2. Nf3 d6 3. d4 cxd4 4. Nxd4 Nf6 5. Nc3 a6 6. Be3 e5 7. Nb3 Be6 8. Qd2 Nbd7 9. f3 b5 10. 0-0-0 Nb6 11. Bxb6 Qxb6 12. g4 Be7 13. h4 Rc8 14. Bd3 b4 15. Nd5 Nxd5 16. exd5 Bxd5 17. Bxa6 Qxa6 18. Qxd5 0-0 19. Kb1 Rc4 20. Nc1 Rfc8 21. Rh2 R8c5 22. Qd3 Qa8 23. Nb3 Rc7 24. Re2 h6 25. g5 Rxh4 26. gxh6 Rxh6 27. Rg1 Qc6 28. Nd2 Kf8 29. Re4 Qb6 30. Reg4 g6 31. f4 exf4 32. Nf3 Qe3 33. Qd1 Rh3 34. Rf1 Rc4 0-1